De cotidianidades y utopías : una visión psicosocial preventiva sobre los riesgos de desastres /

Obra que aborda de manera teórica-conceptual la dimensión psicosocial de los riesgos de desastre. El autor analiza, investiga y propone modelos de intervención para tres líneas de riesgo complementarias: los procesos cognoscitivos y comunicacionales que forman la conciencia de riesgo, el papel de lo...

Deskribapen osoa

Gorde:
Xehetasun bibliografikoak
Egile nagusia: Campos S., Armando (autor)
Formatua: Liburua
Hizkuntza:gaztelania
Argitaratua: México : Plaza y Valdés : La Red, 2004, c2004
Saila:(Psicología)
Gaiak:
Etiketak: Etiketa erantsi
Etiketarik gabe, Izan zaitez lehena erregistro honi etiketa jartzen!

MARC

LEADER 00000nam^a2200000^a^4500
001 000171959
005 20250521000000.0
009 20260310101402.315
020 |a 970-722-248-4 
037 |a Acervo ITESO - Biblioteca 
041 |a ESP 
082 |a 155. 935  |b CAM 
100 |a Campos S., Armando  |e (autor) 
245 1 0 |a De cotidianidades y utopías :  |b una visión psicosocial preventiva sobre los riesgos de desastres /  |c A. Campos S. 
264 4 |a México :  |b Plaza y Valdés :  |c 2004, c2004  |b La Red, 
300 |a 239 p. 
336 |a texto  |b txt  |2 rdacontenido 
337 |a sin mediación  |b n  |2 rdamedio 
338 |a volumen  |b nc  |2 rdasoporte 
440 1 |a (Psicología) 
520 |a Obra que aborda de manera teórica-conceptual la dimensión psicosocial de los riesgos de desastre. El autor analiza, investiga y propone modelos de intervención para tres líneas de riesgo complementarias: los procesos cognoscitivos y comunicacionales que forman la conciencia de riesgo, el papel de los sujetos colectivos (grupos, comunidades, organizaciones, masas) en la producción y enfrentamiento de riesgos, y la salud mental en los diferentes planos preventivos. 
649 |a XX 
650 |a Desastres -  |x Aspectos Psicológicos 
650 |a Factores de Riesgo 
650 |a Accidentes -  |x Prevención 
650 |a Salud Mental 
650 |a Psicología Cognitiva 
650 |a Proceso de Comunicación 
650 |a Conciencia 
650 |a Psicología Social 
650 |a Psicología 
910 |a Fondo General 
920 |a Impresos - Libros 
930 |a Colección General 
905 |a 101 
901 |a 0500109548  |b IT1  |c ACC  |u 20250521 
902 |a https://opac.biblio.iteso.mx/vufind/Record/000171959